000 00596nam a2200193 a 4500
001 000011697
005 20240530073912.0
008 091026s1991 dr a 000 f spa d
040 _aDO-SdBNP
_bspa
_cBNPHU
082 _aRD863.42
_bB574h
100 1 _aBáez, Juana
_927731
245 1 3 _aEl hijo de tres amantes /
_cJuana Báez.
260 _aSanto Domingo :
_bGráficas Willian,
_c1991.
300 _aviii, 274 p. :
_bil. ;
_c21 cm.
590 _aInventariado, 2019 / DG
650 0 _aNovela dominicana
_9223
650 0 _aLiteratura dominicana.
_967
910 _aValidado. Control de calidad MFF
999 _c11380
_d11380